A noite da estrela-cadente (Record no. 2038)
[ view plain ]
| 000 -Etiqueta do registo | |
|---|---|
| Valores | 00742nam a2200265 4500 |
| 010 ## - Número ISBN | |
| ISBN | 9789899221147 |
| 021 ## - Número do Depósito Legal | |
| Código do país | Portugal |
| Número | 535989/24 |
| 100 ## - Dados gerais de processamento | |
| Dados gerais | 20260130d2025 c||y0pory50030103ba |
| 101 ## - Língua de publicação | |
| Língua | Português |
| 102 ## - País de publicação | |
| País | Portugal |
| 200 ## - Titulo e menção de responsabilidade | |
| Título próprio | A noite da estrela-cadente |
| Primeira menção de responsabilidade | Amy Hest |
| Outras menções de responsabilidade | il. Jenni Desmond |
| -- | trad. Ana Mateus |
| 205 ## - Menção da edição | |
| Edição | 1ª edição |
| 210 ## - Publicação | |
| Local de publicação | Lisboa |
| Nome do editor | Jacarandá |
| Data de publicação | 2025 |
| 215 ## - Descrição física | |
| Paginação / Volumes | [32] p. |
| Outras indicações físicas | il. |
| Dimensões | 28 cm |
| 300 ## - Notas gerais | |
| Texto da nota | BMB-Registado |
| 304 ## - Nota relativa ao título | |
| Texto de nota | Tít. orig.: The night of the shooting star |
| 606 ## - Nome comum usado como assunto | |
| ID Autoridade | 863 |
| Palavra de ordem | Literatura Infantil |
| 675 ## - CDU | |
| Notação | 087.5 |
| Edição | BMB |
| Língua | por |
| 700 ## - Autor principal (pessoa individual) | |
| Apelido | Hest |
| Nome | Amy |
| ID Autoridade | 2920 |
| 701 ## - Co-autor principal (pessoa individual) | |
| Apelido | Desmond |
| Nome | Jenni |
| Função | Ilustrador |
| ID Autoridade | 2921 |
| 702 ## - Autor secundário (pessoa individual) | |
| Apelido | Mateus |
| Nome | Ana |
| Função | Tradutor |
| ID Autoridade | 1816 |
| 801 ## - Fonte de origem | |
| País | PT |
| Agência | BMB |
| Regras de catalogação | RPC |
| 990 ## - Elementos KOHA | |
| Tipo de documento | Livro |
| Situação do levantamento | Estado | Número | Biblioteca de origem | Código de barras | Cota | Permissão de empréstimo | Tipo de documento | Forma de aquisição |
|---|---|---|---|---|---|---|---|---|
| 1 | Biblioteca Municipal de Borba | 1988 | 087.5 HES / NOI | Livro | Compra |